Cultivo de setas y trufas
Gardado en:
| Autor Principal: | |
|---|---|
| Formato: | Libro |
| Idioma: | Lingua castelá |
| Publicado: |
Madrid
Mundi Prensa
2007
|
| Edición: | 5a. ed |
| Subjects: | |
| Tags: |
Engadir etiqueta
Sen Etiquetas, Sexa o primeiro en etiquetar este rexistro!
|
MARC
| LEADER | 00000nam a2200000 a 4500 | ||
|---|---|---|---|
| 001 | UCI5319 | ||
| 003 | CL-VaPUC | ||
| 008 | 080320e20070000SP |||||||||||||||||spa|d | ||
| 020 | |a 9788484763161 | ||
| 082 | 0 | 4 | |a 635.8 |b GAR |2 21 |
| 100 | 0 | |a García Rollán, M |e author |9 527624 | |
| 245 | 1 | 0 | |a Cultivo de setas y trufas |
| 250 | |a 5a. ed | ||
| 300 | |a 256 p | ||
| 942 | |c BK | ||
| 945 | |d 20080320 00:00:00 |a rbrito | ||
| 260 | |a Madrid |b Mundi Prensa |c 2007 | ||
| 650 | 7 | |a CHAMPIÑONES |2 CL-VaPUC |9 415389 | |
| 650 | 7 | |a SETAS |2 CL-VaPUC |9 527625 | |
| 650 | 0 | |a Cultivo |9 264268 | |
| 650 | 0 | |a Hongos comestibles |9 264476 | |
| 650 | 0 | |a Control de plagas |9 327373 | |
| 583 | |a last modification |c 20080320 00:00:00 |k Rodrigo Vera | ||
| 999 | |c 329072 |d 329070 | ||
| 952 | |0 0 |1 0 |4 0 |6 635_800000000000000_GAR_2007 |7 0 |8 A |9 413392 |a BIBAGR |b BIBAGR |d 2019-11-22 |i 4414764 |l 2 |o 635.8 GAR 2007 |p 4414764 |r 2025-01-20 |s 2024-11-15 |w 2019-11-22 |y BK |k AGR | ||